| 000 | 01308nam a22002777a 4500 | ||
|---|---|---|---|
| 001 | EPSA 0324 | ||
| 003 | gtcocun | ||
| 005 | 20250827194514.0 | ||
| 006 | a||||gr|||| 00| 0 | ||
| 007 | ta | ||
| 008 | 250827b2025 gt ||||| m||| 00| 0 eng d | ||
| 040 |
_agtcocun _bSPA _cgtcocun _eRDA |
||
| 041 | _aSPA EPSA 0324 | ||
| 084 | _0 EPSA 0324 | ||
| 100 |
_aChoc Cuz, Oralia _eAutor |
||
| 245 |
_aINFORME FINAL DEL EJERCICIO PROFESIONAL SUPERVISADO, REALIZADO EN ENREPCO, COBÁN, ALTA VERAPAZ _cOralia Choc Cuz. _hImpreso |
||
| 264 |
_aCobán, Alta Verapaz: _bUniversidad de San Carlos de Guatemala, Centro Universitario del Norte, Licenciatura en Administración de Empresas _c2025 |
||
| 300 |
_a54 p.: _bIlustraciones, gráficas. _c28 cm; |
||
| 502 | _eEPSA 0324 | ||
| 502 |
_aTesis de grado _bLicenciatura en Administración de Empresas, _cUniversidad de San Carlos de Guatemala, Centro Universitario del Norte, Licenciatura en Administración de Empresas _d2025 _oEPSA 0324 |
||
| 650 |
_2LEMB _aCobán, Alta Verapaz _xAdministración _xDiagnóstico _xEjecución _xEmpresa _xObjetivo _xResultados |
||
| 700 |
_aLcda. Aura Violeta Hércules Recinos _eAsesor |
||
| 856 |
_uSin archivo en línea _zSin archivo en línea. |
||
| 942 |
_2ddc _cTES _iEPSA 0324 _kClasificación _n0 _6EPSA_0324_000000000000000 |
||
| 999 |
_c1469 _d1469 |
||